| 000 | 00352cam a22001217a 4500 | ||
|---|---|---|---|
| 008 | 180718b1958 xxu||||| |||| 00| 0 eng d | ||
| 082 | _aQ5803x73 Am35 | ||
| 245 | _aOASDI | ||
| 260 |
_aMadison _bAmerican Federation of State _c1958 |
||
| 300 | _a52p. | ||
| 650 | _aInsurance, accident - Legislation - USA | ||
| 650 | _aOld age insurance - Legislation - USA | ||
| 999 |
_c357380 _d357380 |
||